Logo Biblioteca

El coleccionismo de arte en Rosario : (Registro nro. 781)

Detalles MARC
000 -LEADER
fixed length control field 01767nam a22002651a 4500
003 - CONTROL NUMBER IDENTIFIER
control field AR-RoUNCS
005 - DATE AND TIME OF LATEST TRANSACTION
control field 20251120114844.0
007 - PHYSICAL DESCRIPTION FIXED FIELD--GENERAL INFORMATION
fixed length control field ta
008 - FIXED-LENGTH DATA ELEMENTS--GENERAL INFORMATION
fixed length control field 100820s2008 ag |||||||||||||| ||spa
020 ## - INTERNATIONAL STANDARD BOOK NUMBER
International Standard Book Number 978-987-1398-03-4
040 ## - CATALOGING SOURCE
Original cataloging agency AR-BaBN
Language of cataloging spa
Transcribing agency AR-RoUNCS
Description conventions aacr
080 ## - UNIVERSAL DECIMAL CLASSIFICATION NUMBER
Authority record control number or standard number 7.074(821.6)
245 03 - TITLE STATEMENT
Title El coleccionismo de arte en Rosario :
Remainder of title colecciones, mercado y exhibiciones, 1880-1970.
260 ## - PUBLICATION, DISTRIBUTION, ETC.
Place of publication, distribution, etc. Buenos Aires :
Name of publisher, distributor, etc. Fundación Espigas,
Date of publication, distribution, etc. 2008.
300 ## - PHYSICAL DESCRIPTION
Extent 285 p. ;
Dimensions 21 cm.
504 ## - BIBLIOGRAPHY, ETC. NOTE
Bibliography, etc. note Reseña biográfica de los autores, página 287
505 00 - FORMATTED CONTENTS NOTE
Title Un programa de investigación sobre el coleccionismo de arte en Rosario /
Statement of responsibility Carina Frid --
Title Nuevos abordajes en la historia del coleccionismo en Rosario /
Statement of responsibility Patricia Artundo --
Title Del caduceo a las musas : un inventario del coleccionismo profesional en Rosario : la colección del artísta Juan B. Castagnino, 1907-1925 /
Statement of responsibility Pablo Montini --
Title El museo antes del museo : la colección histórica del doctor Antonio Cafferata /
Statement of responsibility Valeria Príncipe --
Title El Salón Witcomb de Rosario : la primera década de actividades /
Statement of responsibility María Eugenia Spinelli --
Title La hispanidad en el gusto artístico de la burguesía rosarina : el caso de la colección Estevéz, 1920-1930 --
Statement of responsibility Analía Vanesa dell'Aquila --
Title El gusto por lo religioso : la exposición de arte religioso retrospectivo en el Museo Histórico Provincial, 1941 /
Statement of responsibility Pablo Montini --
Title Isidoro Slullitel y el coleccionismo de arte de vanguardia en Rosario, 1963-1971 /
Statement of responsibility Guillermo Robles.
650 #4 - SUBJECT ADDED ENTRY--TOPICAL TERM
Topical term or geographic name entry element ARTE
General subdivision COLECCIONISTAS Y COLECCIONES
-- HISTORIA
Geographic subdivision ROSARIO
Chronological subdivision SIGLO XX
700 1# - ADDED ENTRY--PERSONAL NAME
Personal name Dell'Aquila, Analía Vanesa
700 1# - ADDED ENTRY--PERSONAL NAME
Personal name Montini, Pablo
700 1# - ADDED ENTRY--PERSONAL NAME
Personal name Príncipe, Valeria
700 1# - ADDED ENTRY--PERSONAL NAME
Personal name Robles, Guillermo
700 1# - ADDED ENTRY--PERSONAL NAME
Personal name Spinelli, María Eugenia
942 ## - ADDED ENTRY ELEMENTS (KOHA)
Source of classification or shelving scheme Universal Decimal Classification
Koha item type Libro de préstamo a domicilio
Suppress in OPAC No
Existencias
Withdrawn status Lost status Source of classification or shelving scheme Damaged status Not for loan Collection Home library Current library Date acquired Source of acquisition Total checkouts Full call number Barcode Date last seen Price effective from Koha item type
    Universal Decimal Classification     Colección General Biblioteca Escuela de Ciencias Sociales Biblioteca Escuela de Ciencias Sociales 20/11/2025 Donación 2024   7.074(821.6) C691 001035 20/11/2025 20/11/2025 Libro de préstamo a domicilio
Biblioteca de la Escuela Preuniversitaria en Ciencias Sociales y Humanísticas.
Riobamba 250 bis.
CP 2000 - Rosario - Santa Fe
E-Mail: biblioteca@esociales.unr.edu.ar